|
|
|
|
| LEADER |
00000cam a2200000 7i4500 |
| 001 |
0000044491 |
| 005 |
20150101.0 |
| 008 |
150101 |
| 020 |
|
|
|a 9671184547
|
| 090 |
0 |
0 |
|a 153.42
|b MAR
|
| 100 |
0 |
|
|a Mariam Mohamed Nor
|
| 245 |
1 |
0 |
|a Lima gaya pemikiran (Buku 2)
|c Mariam Mohamed Nor & Yasser Rahmad
|
| 260 |
|
|
|a Selangor :
|b Workplace-English Ent ,
|c 2014
|
| 440 |
|
|
|a Siri gaya berfikir
|
| 650 |
|
0 |
|a Creative thinking
|
| 650 |
|
0 |
|a Thought and thinking
|
| 999 |
|
|
|a 0001311120
|b Book
|c Adult Collection
|e Cawangan Bukit Gambir
|
| 999 |
|
|
|a 0001311126
|b Book
|c Adult Collection
|e Cawangan Pontian
|
| 999 |
|
|
|a 0001311127
|b Book
|c Adult Collection
|e Cawangan Tangkak
|
| 999 |
|
|
|a 0001311129
|b Book
|c Adult Collection
|e Cawangan Mersing
|
| 999 |
|
|
|a 0001311130
|b Book
|c Adult Collection
|e Cawangan Tmn. Ungku Tun Aminah
|
| 999 |
|
|
|a 000131115
|b Book
|c Adult Collection
|e Cawangan Segamat
|
| 999 |
|
|
|a 0001311368
|b Book
|c Adult Collection
|e Perbadanan Perpustakaan Awam Johor
|
| 999 |
|
|
|a 0001311369
|b Book
|c Adult Collection
|e Cawangan Urban Transformation Centre
|
| 999 |
|
|
|a 0001311383
|b Book
|c Adult Collection
|e Cawangan AEON Kulaijaya
|